deviner le pays à partir d’un indice "Deuxième Guerre Mondiale" - Statistiques

Statistiques générales
  • Ce quiz a été pris 96 fois
    95 depuis la dernière actualisation
  • Le résultat moyen est 19 sur 28
Statistiques - réponses
Indices Pays % Correct
Dirigé par Adolf Hitler Allemagne
100%
Envahi le 1er septembre 1939, déclenchant la guerre Pologne
98%
Dirigé par Benito Mussolini Italie
96%
A subi les deux bombes atomiques Japon
96%
Bombardé à Pearl Harbor en 1941 États-Unis
94%
Occupé mais dirigé par le régime de Vichy France
94%
Pays d’origine de Winston Churchill Royaume-Uni
94%
Envahi par le Japon dès 1937 Chine
92%
Pays neutre dirigé par Francisco Franco Espagne
88%
Pays nordique resté officiellement neutre Suède
86%
Signataire du pacte germano-soviétique, puis envahi en 1941 Union soviétique
77%
Pays d’Amérique du Sud ayant déclaré la guerre à l’Axe Brésil
75%
Envahi en même temps que la Belgique et les Pays-Bas en mai 1940 Luxembourg
75%
Envahi par l’Italie depuis l’Albanie Grèce
67%
Envahi par l’Allemagne en 1940 malgré sa neutralité Norvège
67%
Théâtre de la bataille d’El Alamein Égypte
62%
Envahi par l’URSS en 1939, puis allié des nazis contre eux Finlande
62%
Pays balte annexé par l’URSS en 1940 Lettonie
61%
Pays du Commonwealth ayant combattu aux côtés des Alliés Canada
60%
Pays des Sudètes, annexé par Hitler avant la guerre Tchécoslovaquie
55%
Fournisseur de troupes coloniales pour la France Sénégal
52%
GoRésistance forte dirigée par Tito Yougoslavie
52%
Troupes ANZAC engagées en Afrique et dans le Pacifique Australie
51%
Ancienne colonie néerlandaise envahie par le Japon Indonésie
50%
Pays d’Europe centrale divisé entre l’Axe et les Soviétiques Roumanie
46%
Colonisé par l’Italie, puis théâtre de combats avec les Alliés Éthiopie
36%
Possession britannique attaquée par les Japonais en 1941 Malaisie
21%
Pays africain où les Forces françaises libres se sont organisées Tchad
19%
Aucun quiz correspondant
Distribution des résultats
% des personnes avec chaque résultat
Percentile par nombre de réponses
Votre historique - résultats
Vous n’avez pas pris ce quiz depuis la dernière actualisation